| 000 | 00557nam a2200193Ia 4500 | ||
|---|---|---|---|
| 999 |
_c38612 _d38612 |
||
| 001 | 39302 | ||
| 005 | 20210316192410.0 | ||
| 008 | 140423s9999 xx 000 0 und d | ||
| 020 | _a9780684852867 | ||
| 040 | _cPK-LaUMT | ||
| 082 |
_a 658.409 _bBUC-F |
||
| 100 | _aBuckingham, Marcus | ||
| 245 |
_aFirst, break all the rules : _bwhat the world's greatest managers do differently / _cby Marcus Buckingham and Curt Coffman |
||
| 260 |
_aNew York : _bSimon & Schuster, _c1999 |
||
| 300 | _a271 p. | ||
| 546 | _aEN | ||
| 700 | _aCoffman, Curt | ||
| 942 | _cBK | ||